[Event "C.to Provinciale PD"]
[Site "Monselice ITA"]
[Date "2005.01.09"]
[Round "3"]
[White "Zanirato, Stefano"]
[Black "Cestonaro, Federico"]
[Result "1-0"]
[WhiteElo "1774"]
[BlackElo "1565"]
[PlyCount "71"]
[EventDate "2005.01.08"]

1. Nf3 Nf6 2. d3 g6 3. c3 c5 4. e4 d6 5. Be2 Nc6 6. O-O Bg7 7. Bg5 O-O 8. Qc1
Qc7 9. Bh6 c4 10. Bxg7 Kxg7 11. Qc2 cxd3 12. Bxd3 b6 13. Qe2 Ng4 14. Ba6 Nge5
15. Bxc8 Raxc8 16. Ng5 h6 17. Nh3 Na5 18. b4 Nac4 19. f4 Nd7 20. Rf3 Nf6 21.
Nf2 Qc6 22. g4 b5 23. g5 hxg5 24. fxg5 Nh5 25. Ng4 Ne5 26. Nxe5 dxe5 27. Na3 a6
28. Qe3 Rfd8 29. Nc2 Nf4 30. Nd4 Qc4 31. Raf1 Qxa2 32. Rxf4 exf4 33. Qxf4 Rxc3
34. Qe5+ Kg8 35. Nf5 Rcd3 36. Qg7# 1-0

[Event "C.to Provinciale PD"]
[Site "Monselice ITA"]
[Date "2005.01.15"]
[Round "4"]
[White "Calicchia, Giovanni"]
[Black "Roberti, Ignazio"]
[Result "1-0"]
[WhiteElo "1811"]
[BlackElo "1975"]
[PlyCount "90"]
[EventDate "2005.01.08"]

1. e4 c5 2. Nf3 Nf6 3. Nc3 e6 4. d4 cxd4 5. Nxd4 a6 6. Bg5 Be7 7. Be2 d6 8. O-O
O-O 9. Qd2 b5 10. a3 Bb7 11. f3 Nbd7 12. Rad1 Re8 13. Kh1 Bf8 14. Nb3 Nc5 15.
Nxc5 dxc5 16. Qf4 Qb6 17. Bxf6 gxf6 18. Qxf6 Bg7 19. Qf4 Rad8 20. h4 b4 21.
axb4 cxb4 22. Na4 Qc6 23. b3 Qxc2 24. Rxd8 Rxd8 25. Bc4 e5 26. Qxf7+ Kh8 27.
Qxb7 Qd2 28. Nc5 Qf4 29. Qxg7+ Kxg7 30. Ne6+ Kf6 31. Nxf4 exf4 32. Ra1 Ke5 33.
Ra5+ Kf6 34. Rxa6+ Ke5 35. Ra5+ Kf6 36. Rf5+ Ke7 37. Rxf4 Kd6 38. Rf5 Ra8 39.
e5+ Ke7 40. e6 Rc8 41. Rf7+ Ke8 42. Rxh7 Rc5 43. h5 Kf8 44. Kg1 Kg8 45. Rb7 Kf8
1-0

[Event "C.to Provinciale PD"]
[Site "Monselice ITA"]
[Date "2005.01.15"]
[Round "4"]
[White "Canazza, Alessandro"]
[Black "Sgaravatti, Francesco"]
[Result "0-1"]
[WhiteElo "1778"]
[BlackElo "2136"]
[PlyCount "76"]
[EventDate "2005.01.08"]

1. g3 e5 2. Nf3 d6 3. Bg2 g6 4. O-O Bg7 5. d3 Ne7 6. c4 O-O 7. Nc3 c6 8. Bd2 f5
9. Rb1 h6 10. b4 g5 11. b5 Qe8 12. bxc6 bxc6 13. Qb3 Na6 14. Qa3 Qg6 15. Ne1
Nc5 16. Na4 Nxa4 17. Qxa4 e4 18. Nc2 a5 19. dxe4 fxe4 20. Ne3 Rf7 21. Rb3 Be6
22. f3 d5 23. fxe4 d4 24. Rxf7 dxe3 25. Rxg7+ Qxg7 26. Bc3 Qf7 27. Rb2 Qf2+ 28.
Kh1 Rd8 29. Bxa5 Kh7 30. Qc2 Ng6 31. Rb1 Rf8 32. a4 Ne5 33. Be1 Qf7 34. Bc3 Ng4
35. e5+ Bf5 36. Be4 Nf2+ 37. Kg1 Bxe4 38. Bb2 Nh3# 0-1

[Event "C.to Provinciale PD"]
[Site "Monselice ITA"]
[Date "2005.01.15"]
[Round "4"]
[White "Cedriano, Filippo"]
[Black "Zanirato, Stefano"]
[Result "1-0"]
[WhiteElo "2052"]
[BlackElo "1774"]
[PlyCount "75"]
[EventDate "2005.01.08"]

1. e4 Nc6 2. d4 d5 3. Nc3 Nf6 4. e5 Ne4 5. Nxe4 dxe4 6. d5 Nxe5 7. Qd4 Ng6 8.
Qxe4 Qd6 9. Bb5+ Bd7 10. Bxd7+ Qxd7 11. Be3 f5 12. Qd4 e5 13. dxe6 Qxd4 14.
Bxd4 Nf4 15. g3 Nxe6 16. Bc3 O-O-O 17. Nf3 Bc5 18. O-O Nd4 19. Nxd4 Bxd4 20.
Bxd4 Rxd4 21. Rfe1 Rhd8 22. Re7 R8d7 23. Re8+ Rd8 24. Re7 R4d7 25. Rae1 g5 26.
Rxd7 Kxd7 27. Re5 Rf8 28. f4 Kd6 29. h3 h5 30. c4 b6 31. b4 c5 32. bxc5+ bxc5
33. Rd5+ Kc6 34. fxg5 f4 35. gxf4 Rxf4 36. a4 Rd4 37. g6 Rxc4 38. Rg5 1-0

[Event "C.to Provinciale PD"]
[Site "Monselice ITA"]
[Date "2005.01.15"]
[Round "4"]
[White "Cestonaro, Federico"]
[Black "Quaranta, Gaetano"]
[Result "1-0"]
[WhiteElo "1565"]
[BlackElo "1751"]
[PlyCount "87"]
[EventDate "2005.01.08"]

1. d4 Nf6 2. c4 g6 3. Nc3 Bg7 4. e4 d6 5. f3 O-O 6. Be3 Nbd7 7. Qd2 e5 8. Nge2
exd4 9. Nxd4 Ne5 10. Be2 c5 11. Ndb5 Ne8 12. Bxc5 Be6 13. Nxd6 Nxd6 14. Bxd6
Re8 15. Bxe5 Bxe5 16. Qxd8 Raxd8 17. Rb1 Rc8 18. Nd5 f5 19. O-O fxe4 20. fxe4
Bf7 21. b3 Bd4+ 22. Kh1 Rxe4 23. Bf3 Bxd5 24. cxd5 Re7 25. d6 Rd7 26. Bg4 Rcd8
27. Bxd7 Rxd7 28. Rbe1 Rxd6 29. Re8+ Kg7 30. Re7+ Kh6 31. Rxb7 Rc6 32. g3 g5
33. a4 Kg6 34. Rd1 Bb6 35. b4 g4 36. a5 Be3 37. b5 Rf6 38. Rb1 Rf5 39. Rb8 h5
40. b6 axb6 41. axb6 Bxb6 42. R8xb6+ Kh7 43. Rb7+ Kg8 44. Rc1 1-0

[Event "C.to Provinciale PD"]
[Site "Monselice ITA"]
[Date "2005.01.15"]
[Round "4"]
[White "Cipolotti, Piersilvio"]
[Black "Vastano, Ciro"]
[Result "0-1"]
[WhiteElo "1691"]
[BlackElo "1652"]
[PlyCount "74"]
[EventDate "2005.01.08"]

1. Nf3 e6 2. g3 Nf6 3. Bg2 d5 4. O-O Bd6 5. d3 O-O 6. Nbd2 Nbd7 7. e4 e5 8. Nh4
c6 9. Nf5 Bc7 10. Ne3 Nb6 11. f4 exf4 12. gxf4 d4 13. Nec4 Bg4 14. Bf3 Bh3 15.
Nxb6 axb6 16. Bg2 Bxg2 17. Kxg2 Ra5 18. f5 Qd6 19. Nf3 Qd8 20. Bg5 h6 21. Bh4
g5 22. fxg6 fxg6 23. Bg3 Bxg3 24. hxg3 Ng4 25. Qd2 Ne3+ 26. Kg1 Nxf1 27. Rxf1
Kg7 28. a3 Rh5 29. Kg2 Qd7 30. Nh4 Rxf1 31. Kxf1 Qg4 32. Qf2 c5 33. Qe1 Re5 34.
Qf2 Re7 35. Qf3 Rf7 36. Nf5+ gxf5 37. Qxg4+ fxg4+ 0-1

[Event "C.to Provinciale PD"]
[Site "Monselice ITA"]
[Date "2005.01.15"]
[Round "4"]
[White "Fracasso Pezzolato, Michele"]
[Black "Nagliati, Paolo"]
[Result "1/2-1/2"]
[WhiteElo "1685"]
[BlackElo "1796"]
[PlyCount "64"]
[EventDate "2005.01.08"]

1. e4 d6 2. d4 Nf6 3. Nc3 g6 4. Nf3 Bg7 5. Be2 c6 6. Bg5 Qa5 7. Qd2 Nbd7 8. Rd1
O-O 9. O-O Re8 10. Rfe1 a6 11. Bf1 e5 12. dxe5 dxe5 13. Nd5 Qxd2 14. Nxf6+ Bxf6
15. Rxd2 Bxg5 16. Nxg5 h6 17. Nf3 Nf8 18. h3 f6 19. Rd6 Be6 20. Nd2 Rad8 21.
Nc4 b5 22. Red1 Rxd6 23. Nxd6 Rd8 24. Be2 Nh7 25. a4 Ng5 26. h4 Nf7 27. Nb7
Rxd1+ 28. Bxd1 Bc8 29. Nc5 Kf8 30. axb5 axb5 31. b4 Ke7 32. f3 Nd8 1/2-1/2

[Event "C.to Provinciale PD"]
[Site "Monselice ITA"]
[Date "2005.01.15"]
[Round "4"]
[White "Pomaro, Alberto"]
[Black "Belloni, Umberto"]
[Result "1-0"]
[WhiteElo "1757"]
[BlackElo "1950"]
[PlyCount "121"]
[EventDate "2005.01.08"]

1. d4 d5 2. c4 c6 3. Nc3 e6 4. Nf3 Nf6 5. Bg5 Be7 6. e3 Nbd7 7. Be2 Qa5 8. O-O
dxc4 9. Bxc4 O-O 10. Bf4 Nb6 11. Bd3 Nbd7 12. Qd2 Nd5 13. Nxd5 Qxd5 14. h3 f5
15. Rfc1 Nf6 16. Kh2 Ne4 17. Qc2 Nd6 18. b3 Bf6 19. Bc4 Nxc4 20. Qxc4 Bd7 21.
Be5 Rfc8 22. Rc2 Be7 23. Rac1 Bf6 24. Qxd5 exd5 25. Bxf6 gxf6 26. Kg3 Kf7 27.
Nh4 Re8 28. Rc3 Re4 29. f4 Rae8 30. Kf3 Rg8 31. b4 Ree8 32. b5 Ke6 33. g4 fxg4+
34. hxg4 Kd6 35. bxc6 Bxg4+ 36. Kf2 b6 37. Ra3 a5 38. Rb3 Kc7 39. Rb5 Be6 40.
e4 dxe4 41. d5 Bc8 42. Ng2 Ba6 43. Rb2 Rd8 44. Rd2 Bd3 45. Ne3 h5 46. Rh1 Rh8
47. Rg1 Rh7 48. Rg6 Rd6 49. Rg8 Rd8 50. Rxd8 Kxd8 51. d6 Bb5 52. Rc2 Ba6 53.
Nd5 b5 54. c7+ Kd7 55. Nxf6+ Kxd6 56. Nxh7 Bc8 57. Ng5 Kd5 58. Ke3 b4 59. Nxe4
a4 60. f5 b3 61. Rc5# 1-0

[Event "C.to Provinciale PD"]
[Site "Monselice ITA"]
[Date "2005.01.15"]
[Round "4"]
[White "Rossi, Carlo"]
[Black "Demiraj, Rumi"]
[Result "1-0"]
[WhiteElo "2367"]
[BlackElo "1967"]
[PlyCount "65"]
[EventDate "2005.01.08"]

1. d4 Nf6 2. Bg5 e6 3. e4 d6 4. Nc3 Be7 5. Qf3 Nc6 6. O-O-O e5 7. dxe5 Nxe5 8.
Qe2 Nxe4 9. Bxe7 Nxc3 10. Qxe5 Nxa2+ 11. Kb1 Qxe7 12. Qxg7 Rf8 13. Kxa2 Be6+
14. Kb1 O-O-O 15. Nf3 c5 16. Bd3 Rg8 17. Qxh7 Rxg2 18. Qh6 Rg4 19. Rhe1 d5 20.
Bf5 Rb4 21. Bxe6+ fxe6 22. Rxe6 Qd7 23. Ne5 Qb5 24. Nd3 Rd4 25. Qh3 Kb8 26.
Qg3+ Kc8 27. Rd6 Rxd6 28. Qxd6 b6 29. Rg1 Kb7 30. Rg7+ Ka6 31. Qb8 Qc6 32. Rc7
Qe6 33. Nxc5+ 1-0

[Event "C.to Provinciale PD"]
[Site "Monselice ITA"]
[Date "2005.01.15"]
[Round "4"]
[White "Stafie, Constantin"]
[Black "Quaranta, Cristiano"]
[Result "1/2-1/2"]
[WhiteElo "2100"]
[BlackElo "2072"]
[PlyCount "100"]
[EventDate "2005.01.08"]

1. d4 Nf6 2. c4 g6 3. Nc3 Bg7 4. e4 d6 5. f3 O-O 6. Be3 Nc6 7. Nge2 a6 8. d5
Ne5 9. Nd4 c5 10. Nc2 Bd7 11. Be2 b5 12. cxb5 axb5 13. Bxb5 Bxb5 14. Nxb5 Qa5+
15. Nc3 Nc4 16. Bd2 Nxb2 17. Qe2 Na4 18. Nb5 Qa6 19. Rb1 Rfb8 20. Kf2 Ne8 21.
Nba3 Qxe2+ 22. Kxe2 Nc3+ 23. Bxc3 Bxc3 24. Rxb8 Rxb8 25. Rb1 Rxb1 26. Nxb1 Ba5
27. Kd3 Nc7 28. Kc4 Kf8 29. Kb3 e6 30. Ka4 Bb6 31. Nc3 Ke7 32. Na3 Kd7 33. Nc4
Na8 34. Kb5 Bd8 35. Ka6 Bf6 36. Nb5 Nc7+ 37. Nxc7 Kxc7 38. a4 exd5 39. exd5 Be7
40. a5 f5 41. g4 fxg4 42. fxg4 h5 43. gxh5 gxh5 44. Na3 h4 45. h3 Bf8 46. Nc4
Be7 47. Kb5 Kb7 48. a6+ Ka7 49. Na5 Ka8 50. Nc6 Bf6 1/2-1/2

[Event "C.to Provinciale PD"]
[Site "Monselice ITA"]
[Date "2005.01.16"]
[Round "5"]
[White "Demiraj, Rumi"]
[Black "Calicchia, Giovanni"]
[Result "1-0"]
[WhiteElo "1967"]
[BlackElo "1811"]
[PlyCount "69"]
[EventDate "2005.01.08"]

1. Nf3 Nf6 2. g3 g6 3. Bg2 Bg7 4. O-O O-O 5. c4 c5 6. d3 d6 7. Nc3 Nc6 8. e4
Bg4 9. a3 Nd4 10. h3 Nxf3+ 11. Bxf3 Bxh3 12. Bg2 Qd7 13. f3 Nh5 14. Kh2 Bxg2
15. Kxg2 Nf6 16. Rh1 h5 17. Be3 a6 18. a4 Rfb8 19. Qd2 Ne8 20. Nd5 b6 21. Bh6
e6 22. Nc3 Nf6 23. Bf4 Kf8 24. Qe2 e5 25. Bg5 Nh7 26. Bd2 Nf6 27. Bg5 Nh7 28.
Bd2 Nf6 29. b3 Qe6 30. Raf1 Ke8 31. Rh4 Kd7 32. f4 exf4 33. Rfxf4 Rf8 34. Qf3
Ke7 35. Rxf6 1-0

[Event "C.to Provinciale PD"]
[Site "Monselice ITA"]
[Date "2005.01.16"]
[Round "5"]
[White "Nagliati, Paolo"]
[Black "Pomaro, Alberto"]
[Result "0-1"]
[WhiteElo "1796"]
[BlackElo "1757"]
[PlyCount "52"]
[EventDate "2005.01.08"]

1. e4 e6 2. d4 d5 3. e5 c5 4. c3 Nc6 5. Nf3 Qb6 6. a3 c4 7. g3 Bd7 8. Nbd2 Na5
9. h4 Ne7 10. h5 h6 11. Nh4 O-O-O 12. Qf3 Be8 13. Bh3 Qc7 14. Rb1 Nec6 15. O-O
Be7 16. Ng2 Bg5 17. Ne3 Bxe3 18. fxe3 Kb8 19. e4 Ne7 20. b4 cxb3 21. Nxb3 Nxb3
22. Rxb3 dxe4 23. Qxe4 Bc6 24. Qd3 Bd5 25. Rb4 a5 26. Ra4 Bb3 0-1

[Event "C.to Provinciale PD"]
[Site "Monselice ITA"]
[Date "2005.01.16"]
[Round "5"]
[White "Quaranta, Gaetano"]
[Black "Tresin, Ardilio"]
[Result "1-0"]
[WhiteElo "1751"]
[BlackElo "1343"]
[PlyCount "117"]
[EventDate "2005.01.08"]

1. e4 c6 2. d4 d5 3. e5 Bf5 4. g4 Bg6 5. h4 h6 6. h5 Bh7 7. e6 fxe6 8. Bd3 Bxd3
9. Qxd3 Kd7 10. Nf3 Qe8 11. Ne5+ Kc8 12. Ng6 Nf6 13. Nxh8 Nbd7 14. Bf4 Ne4 15.
Nd2 Ndf6 16. Nxe4 dxe4 17. Qb3 Nd5 18. Be5 Qd7 19. Ng6 Qe8 20. c4 Nb6 21. Rc1
Qf7 22. d5 c5 23. Qe3 Nd7 24. Qxe4 Nxe5 25. Nxe5 Qf6 26. dxe6 Qxe6 27. Qd5 Qxd5
28. cxd5 e6 29. dxe6 b6 30. Ng6 Bd6 31. e7 Kd7 32. Rd1 Kc6 33. O-O c4 34. Rxd6+
Kxd6 35. Rd1+ Kc7 36. Rd8 Rxd8 37. exd8=Q+ Kxd8 38. Kf1 Ke8 39. Ke2 b5 40. Ke3
Kf7 41. Kd4 Ke6 42. f4 a5 43. Kc5 b4 44. Kxc4 Kd6 45. Kb5 Kd5 46. Kxa5 Ke4 47.
Kxb4 Kf3 48. g5 Kg4 49. gxh6 gxh6 50. a4 Kxh5 51. f5 Kg5 52. a5 Kxf5 53. Nh4+
Kg4 54. a6 Kxh4 55. a7 Kg3 56. a8=Q h5 57. Qh1 h4 58. Kc3 h3 59. b4 1-0

[Event "C.to Provinciale PD"]
[Site "Monselice ITA"]
[Date "2005.01.16"]
[Round "5"]
[White "Roberti, Ignazio"]
[Black "Canazza, Alessandro"]
[Result "1-0"]
[WhiteElo "1975"]
[BlackElo "1778"]
[PlyCount "39"]
[EventDate "2005.01.08"]

1. e4 g6 2. h4 Bg7 3. h5 d5 4. hxg6 hxg6 5. Rxh8 Bxh8 6. Qf3 dxe4 7. Qxe4 Nf6
8. Qh4 Bg7 9. d4 Bf5 10. Na3 c6 11. Bh6 Qa5+ 12. c3 Kf8 13. Nf3 Nbd7 14. Nc4
Qd5 15. Ng5 Be6 16. Ne3 Qd6 17. Bd3 Nh5 18. Bxg7+ Kxg7 19. O-O-O Nf4 20. Qh7+
1-0

[Event "C.to Provinciale PD"]
[Site "Monselice ITA"]
[Date "2005.01.16"]
[Round "5"]
[White "Sanavio, Giancarlo"]
[Black "Cipolotti, Piersilvio"]
[Result "1-0"]
[WhiteElo "1685"]
[BlackElo "1691"]
[PlyCount "155"]
[EventDate "2005.01.08"]

1. Nf3 Nc6 2. e4 d6 3. h3 Nf6 4. Nc3 e5 5. d4 exd4 6. Nxd4 Bd7 7. Bc4 Ne5 8.
Bb3 Be7 9. Bf4 Ng6 10. Bg3 O-O 11. Qd2 a6 12. O-O-O Qb8 13. Nf5 Be6 14. Nxe7+
Nxe7 15. e5 dxe5 16. Bxe5 Ne8 17. Bxe6 fxe6 18. Qd7 Nc6 19. Qxe6+ Kh8 20. Bg3
Rf6 21. Qg4 Rg6 22. Qf5 Nd6 23. Bxd6 cxd6 24. g4 Rf6 25. Qd5 Rxf2 26. Ne4 Rf8
27. Nxd6 h6 28. g5 hxg5 29. Nf7+ Rxf7 30. Qxf7 Qf4+ 31. Qxf4 gxf4 32. Rd7 Rf8
33. Rg1 Kh7 34. Rgxg7+ Kh6 35. Rh7+ Kg6 36. Rdg7+ Kf6 37. Kd1 Nd4 38. c3 Nf3
39. Rxb7 Ng5 40. Rh6+ Kf5 41. Rbb6 Rd8+ 42. Ke1 Nf3+ 43. Kf2 Ne5 44. Rhf6+ Kg5
45. h4+ Kg4 46. Rbd6 Nd3+ 47. Kf1 Rxd6 48. Rxd6 Nxb2 49. Rxa6 Kxh4 50. a4 Kg3
51. Rg6+ Kf3 52. a5 Nd1 53. a6 Ne3+ 54. Kg1 Ke2 55. a7 f3 56. Rf6 Ng4 57. Rxf3
Kxf3 58. a8=Q+ Kf4 59. Qa4+ Kf5 60. Qd4 Ne5 61. Kf2 Ng4+ 62. Kf3 Ne5+ 63. Kg3
Ke6 64. Kf4 Ng6+ 65. Kg5 Ne7 66. c4 Kf7 67. c5 Kf8 68. Qd6 Kf7 69. Qd7 Kf8 70.
Kf6 Ng8+ 71. Ke6 Nh6 72. c6 Kg8 73. c7 Kh8 74. c8=Q+ Ng8 75. Qde8 Kg7 76. Qxg8+
Kh6 77. Qc2 Kh5 78. Qh2# 1-0

[Event "C.to Provinciale PD"]
[Site "Monselice ITA"]
[Date "2005.01.16"]
[Round "5"]
[White "Sgaravatti, Francesco"]
[Black "Cedriano, Filippo"]
[Result "1-0"]
[WhiteElo "2136"]
[BlackElo "2052"]
[PlyCount "119"]
[EventDate "2005.01.08"]

1. e4 c5 2. Nf3 g6 3. c4 Bg7 4. d4 cxd4 5. Nxd4 Nc6 6. Nc2 d6 7. Be2 Nf6 8. Nc3
O-O 9. O-O a6 10. Rb1 Nd7 11. Nd5 e6 12. Ndb4 Qc7 13. Bf4 Nde5 14. Qd2 a5 15.
Nxc6 bxc6 16. Rfd1 Rd8 17. Bg5 Rd7 18. f4 f6 19. fxe5 fxg5 20. exd6 Qb6+ 21.
Kh1 h6 22. Qd3 e5 23. Bg4 Rd8 24. d7 Ba6 25. Be6+ Kh7 26. Qd6 Qf2 27. Rd2 Qf4
28. Re2 Rab8 29. Kg1 Rf8 30. b3 Bb7 31. Qc5 Qf6 32. Bh3 h5 33. g3 Qd8 34. Rd1
g4 35. Bg2 Rf7 36. Red2 Bf6 37. h3 Qc7 38. hxg4 hxg4 39. Qd6 Qxd6 40. Rxd6 Rd8
41. Rf1 Kg7 42. Ne3 Be7 43. Rd3 Bc5 44. Rxf7+ Kxf7 45. Kf1 Bxe3 46. Rxe3 Rxd7
47. Ke2 Kf6 48. c5 Ba6+ 49. Ke1 Rd4 50. Bf1 Bxf1 51. Kxf1 a4 52. Ke2 axb3 53.
axb3 Rb4 54. Kd2 Rd4+ 55. Kc3 Ke6 56. b4 Kd7 57. Rd3 Rxd3+ 58. Kxd3 Kc7 59. Kc4
Kb7 60. b5 1-0

[Event "C.to Provinciale PD"]
[Site "Monselice ITA"]
[Date "2005.01.16"]
[Round "5"]
[White "Stafie, Constantin"]
[Black "Rossi, Carlo"]
[Result "0-1"]
[WhiteElo "2100"]
[BlackElo "2367"]
[PlyCount "60"]
[EventDate "2005.01.08"]

1. e4 c6 2. d4 d5 3. Nc3 g6 4. Be3 Nf6 5. e5 Ng4 6. Bg5 f6 7. exf6 exf6 8. Bf4
g5 9. Bg3 f5 10. Be2 Qe7 11. Bxb8 Rxb8 12. Nf3 Bg7 13. h3 Nh6 14. Qd2 Nf7 15.
h4 g4 16. Qf4 Ra8 17. Nd2 Bh6 18. Qh2 f4 19. O-O-O Qf6 20. Kb1 Qxd4 21. Rhe1
O-O 22. Nde4 Qg7 23. Nc5 b6 24. Nd3 Qf6 25. Nb4 Bg7 26. f3 g3 27. Qg1 Nh6 28.
Nxc6 Qxc6 29. Nxd5 Kh8 30. Ne7 Qf6 0-1

[Event "C.to Provinciale PD"]
[Site "Monselice ITA"]
[Date "2005.01.16"]
[Round "5"]
[White "Vastano, Ciro"]
[Black "Quaranta, Cristiano"]
[Result "0-1"]
[WhiteElo "1652"]
[BlackElo "2072"]
[PlyCount "64"]
[EventDate "2005.01.08"]

1. e4 c5 2. Nf3 Nc6 3. d4 cxd4 4. Nxd4 g6 5. Be3 Bg7 6. Nc3 Nf6 7. f3 O-O 8.
Qd2 d5 9. Nxc6 bxc6 10. exd5 cxd5 11. Bd4 Bb7 12. Bb5 Qd6 13. Qe3 Nd7 14. Bxg7
Kxg7 15. Rd1 Nb6 16. O-O a6 17. Be2 Rac8 18. a3 e5 19. f4 f6 20. fxe5 fxe5 21.
Rxf8 Rxf8 22. Bf3 Nc4 23. Qa7 Rf7 24. Ne4 Qe7 25. Nc5 e4 26. Nxb7 Qxb7 27. Qxb7
Rxb7 28. Be2 Ne3 29. Bxa6 Rxb2 30. Rd2 Nxc2 31. Rxd5 e3 32. Kf1 e2+ 0-1

[Event "C.to Provinciale PD"]
[Site "Monselice ITA"]
[Date "2005.01.16"]
[Round "5"]
[White "Zanirato, Stefano"]
[Black "Fracasso Pezzolato, Michele"]
[Result "0-1"]
[WhiteElo "1774"]
[BlackElo "1685"]
[PlyCount "52"]
[EventDate "2005.01.08"]

1. Nf3 d5 2. d3 Bg4 3. Ne5 Bh5 4. c3 f6 5. Nf3 Nc6 6. Nbd2 e5 7. Qa4 Bd6 8. Qh4
Bg6 9. e4 Nge7 10. g4 Qd7 11. Bh3 Bf7 12. g5 f5 13. Qg3 Be6 14. Nh4 O-O-O 15.
b4 dxe4 16. dxe4 g6 17. a4 h6 18. gxh6 Rxh6 19. Ndf3 Bxb4 20. O-O f4 21. Bxe6
Qxe6 22. Ng5 Qd7 23. Qf3 Rxh4 24. cxb4 Rg4+ 25. Kh1 Rxg5 26. Ba3 Nd4 0-1

[Event "C.to Provinciale PD"]
[Site "Monselice ITA"]
[Date "2005.01.16"]
[Round "6"]
[White "Baldi, Giancarlo"]
[Black "Vastano, Ciro"]
[Result "1/2-1/2"]
[WhiteElo "1760"]
[BlackElo "1652"]
[PlyCount "80"]
[EventDate "2005.01.08"]

1. Nf3 e6 2. d4 d5 3. e3 Nf6 4. Bd3 c5 5. c3 Nc6 6. Nbd2 Bd7 7. O-O Be7 8. Qe2
cxd4 9. exd4 O-O 10. Ne5 Re8 11. Ndf3 Bd6 12. Ng5 Qc7 13. Ngxf7 Nxe5 14. Nxe5
Rac8 15. Bg5 Rf8 16. Bxf6 Rxf6 17. Qh5 g6 18. Qg5 Rcf8 19. f4 Bc6 20. Rae1 Qb6
21. Rb1 Bxe5 22. Qxe5 Bb5 23. Bxb5 Qxb5 24. Qe3 Qa5 25. a3 Qc7 26. g3 Qf7 27.
Qe2 a6 28. Rbe1 Qc7 29. Qd2 R8f7 30. Re5 Qc6 31. Rfe1 Re7 32. Qe2 Kf7 33. Qg4
Qb6 34. R1e2 Ke8 35. h4 Kd7 36. Qg5 Rf5 37. Qh6 Rxe5 38. fxe5 Qb5 39. Rf2 Qd3
40. Qf8 Qxg3+ 1/2-1/2

[Event "C.to Provinciale PD"]
[Site "Monselice ITA"]
[Date "2005.01.16"]
[Round "6"]
[White "Belloni, Umberto"]
[Black "Sanavio, Giancarlo"]
[Result "1/2-1/2"]
[WhiteElo "1950"]
[BlackElo "1685"]
[PlyCount "90"]
[EventDate "2005.01.08"]

1. e4 d5 2. e5 c5 3. c3 Nc6 4. Bb5 Qb6 5. Bxc6+ Qxc6 6. d4 e6 7. Ne2 Ne7 8. O-O
Nf5 9. g4 Nh4 10. Ng3 Be7 11. Nd2 Bd7 12. a3 cxd4 13. cxd4 Qb6 14. Qb3 Qxd4 15.
Qe3 Qxg4 16. f3 Qh3 17. Rf2 Rc8 18. b4 a5 19. Rb1 axb4 20. axb4 Nf5 21. Qf4 g5
22. Qg4 Qxg4 23. fxg4 Ne3 24. h3 Bxb4 25. Nb3 Nd1 26. Rf1 Nc3 27. Ra1 h6 28.
Be3 Ne4 29. Nxe4 dxe4 30. Rfc1 O-O 31. Nc5 Bc6 32. Rab1 Bxc5 33. Bxc5 Rfd8 34.
Bd6 Bd5 35. Be7 Rxc1+ 36. Rxc1 Rd7 37. Rc8+ Kh7 38. Bf6 Bc6 39. Rh8+ Kg6 40.
Rg8+ Kh7 41. Rg7+ Kh8 42. Rxg5+ Kh7 43. Rg7+ Kh8 44. Rg5+ Kh7 45. Rg7+ Kh8
1/2-1/2

[Event "C.to Provinciale PD"]
[Site "Monselice ITA"]
[Date "2005.01.16"]
[Round "6"]
[White "Calicchia, Giovanni"]
[Black "Fracasso Pezzolato, Michele"]
[Result "0-1"]
[WhiteElo "1811"]
[BlackElo "1685"]
[PlyCount "112"]
[EventDate "2005.01.08"]

1. e4 c5 2. Nf3 d6 3. d4 cxd4 4. Nxd4 Nf6 5. Nc3 a6 6. Be2 e6 7. O-O Be7 8. Be3
b5 9. a3 Bb7 10. f3 Nbd7 11. Qd2 O-O 12. Rad1 d5 13. exd5 Nxd5 14. Nxd5 Bxd5
15. Bd3 Ne5 16. Rfe1 Rc8 17. c3 Qc7 18. Bb1 Bc4 19. Kh1 Rcd8 20. Bf4 Bd6 21.
Qe3 Ng6 22. Bxd6 Qxd6 23. Bxg6 hxg6 24. Qe5 Qxe5 25. Rxe5 f6 26. Ree1 Rd6 27.
Ra1 e5 28. Ne2 Rd2 29. Ng3 Bb3 30. Re2 Rd5 31. h3 f5 32. Rae1 Re8 33. Kg1 Bc4
34. Rf2 Kf7 35. Nf1 Bxf1 36. Kxf1 Red8 37. Rfe2 Kf6 38. Kg1 a5 39. Kf2 a4 40.
g3 Ke6 41. Rc2 Rd2+ 42. Re2 Rd1 43. h4 Rh1 44. Kg2 Rdd1 45. c4 bxc4 46. Rxc4
Rdg1+ 47. Kf2 Rf1+ 48. Ke3 Rhg1 49. Rxa4 Rxg3 50. Ra6+ Kd5 51. Rd2+ Kc5 52. b4+
Kc4 53. Rc6+ Kb3 54. Rd3+ Kb2 55. Rd2+ Kxa3 56. Rd5 Rfxf3+ 0-1

[Event "C.to Provinciale PD"]
[Site "Monselice ITA"]
[Date "2005.01.16"]
[Round "6"]
[White "Canazza, Alessandro"]
[Black "Zanirato, Stefano"]
[Result "0-1"]
[WhiteElo "1778"]
[BlackElo "1774"]
[PlyCount "100"]
[EventDate "2005.01.08"]

1. g3 d5 2. Bg2 c5 3. Nf3 Nc6 4. O-O e5 5. d3 Be7 6. e4 d4 7. a4 g5 8. Nbd2 g4
9. Ne1 h5 10. f3 Nf6 11. Nc4 h4 12. f4 hxg3 13. hxg3 Nh5 14. Kf2 Nxg3 15. fxe5
Nxf1 16. Kxf1 Be6 17. Bf4 Rg8 18. Nd6+ Bxd6 19. exd6 Qf6 20. Qd2 Ne5 21. Ke2
Nf3 22. Nxf3 gxf3+ 23. Bxf3 Bg4 24. e5 Qe6 25. Rf1 Bxf3+ 26. Rxf3 Rg2+ 27. Rf2
Qg4+ 28. Ke1 Rg1+ 29. Rf1 Rg2 30. Rf2 Qh4 31. Qe2 Rg1+ 32. Kd2 Qg4 33. b3 Qxe2+
34. Kxe2 a6 35. Kf3 Kd7 36. Bh2 Rg5 37. Ke4 Rg7 38. Kd5 b6 39. Bf4 Rag8 40. Bd2
Re8 41. Bh6 Rh7 42. Bg5 Re6 43. Bf6 Rh5 44. Ke4 Kc6 45. Bg7 Rh4+ 46. Kf5 Rg6
47. Bf6 Rh5+ 48. Kf4 Kd7 49. Be7 Ke6 50. Re2 Rf5+ 0-1

[Event "C.to Provinciale PD"]
[Site "Monselice ITA"]
[Date "2005.01.16"]
[Round "6"]
[White "Cedriano, Filippo"]
[Black "Stafie, Constantin"]
[Result "1-0"]
[WhiteElo "2052"]
[BlackElo "2100"]
[PlyCount "99"]
[EventDate "2005.01.08"]

1. e4 e5 2. Nf3 Nc6 3. Bc4 Nf6 4. d4 Nxe4 5. dxe5 Nc5 6. O-O Be7 7. Nc3 O-O 8.
Nd5 Ne6 9. Nxe7+ Qxe7 10. b3 Rd8 11. Re1 d5 12. exd6 Qxd6 13. Qxd6 cxd6 14. Bb2
d5 15. Bd3 Nf4 16. Bf1 Bf5 17. g3 Ne6 18. c3 Be4 19. Nd2 Nc5 20. Nxe4 dxe4 21.
Rad1 Ne5 22. Bg2 Ncd3 23. Re2 Nxb2 24. Rxd8+ Rxd8 25. Rxb2 Rd1+ 26. Bf1 Nf3+
27. Kg2 f5 28. c4 Kf7 29. c5 Ke7 30. b4 Rc1 31. Be2 Rg1+ 32. Kh3 Ng5+ 33. Kh4
Kf6 34. Rd2 Rh1 35. Rd6+ Ne6 36. Kh3 Ke5 37. Kg2 Rc1 38. Rd7 f4 39. Rxb7 Rc2
40. Bg4 Ng5 41. gxf4+ Kxf4 42. h4 e3 43. hxg5 Kxg4 44. Rxa7 Rxf2+ 45. Kg1 Rc2
46. Kf1 Kf3 47. Rf7+ Ke4 48. Re7+ Kd3 49. Rd7+ Ke4 50. a3 1-0

[Event "C.to Provinciale PD"]
[Site "Monselice ITA"]
[Date "2005.01.16"]
[Round "6"]
[White "Cestonaro, Federico"]
[Black "Nagliati, Paolo"]
[Result "0-1"]
[WhiteElo "1565"]
[BlackElo "1796"]
[PlyCount "70"]
[EventDate "2005.01.08"]

1. d4 d6 2. c4 Nd7 3. Nf3 e5 4. Nc3 Ngf6 5. Bg5 c6 6. e3 Be7 7. Bd3 O-O 8. O-O
Ne8 9. Bxe7 Qxe7 10. Qc2 g6 11. dxe5 dxe5 12. a3 Ng7 13. b4 f5 14. e4 f4 15. c5
g5 16. Bc4+ Kh8 17. Rfd1 g4 18. Ne1 Rf6 19. f3 h5 20. Qf2 Rg6 21. Ne2 Nf6 22.
Rd6 gxf3 23. Qxf3 Bg4 24. Qd3 Nge8 25. Rd1 Nxd6 26. cxd6 Qd7 27. Nf3 Bxf3 28.
Qxf3 Qg4 29. Qxg4 hxg4 30. d7 Rd8 31. Nxf4 exf4 32. e5 Rxd7 33. Rxd7 Nxd7 34.
e6 Nf6 35. e7 Kg7 0-1

[Event "C.to Provinciale PD"]
[Site "Monselice ITA"]
[Date "2005.01.16"]
[Round "6"]
[White "Cipolotti, Piersilvio"]
[Black "Quaranta, Gaetano"]
[Result "1/2-1/2"]
[WhiteElo "1691"]
[BlackElo "1751"]
[PlyCount "95"]
[EventDate "2005.01.08"]

1. Nf3 Nf6 2. g3 g6 3. Bg2 Bg7 4. O-O O-O 5. d3 d5 6. Nbd2 b6 7. e4 dxe4 8.
dxe4 Nbd7 9. Nh4 e5 10. Re1 Bb7 11. Qe2 a5 12. a4 Nc5 13. b3 Qd4 14. Ba3 Ba6
15. Bxc5 Qxc5 16. c4 Rad8 17. Rad1 Bc8 18. h3 Nh5 19. Nf1 Qe7 20. Ne3 Be6 21.
Nd5 Qc5 22. Qe3 Qxe3 23. Rxe3 Kh8 24. Red3 Rd7 25. Nc3 Rxd3 26. Rxd3 Nf6 27.
Nf3 Nd7 28. Nd5 c6 29. Ne7 c5 30. Nd5 f5 31. Nd2 fxe4 32. Nxe4 Bf5 33. Ne7 Bxe4
34. Bxe4 Nf6 35. f3 Nxe4 36. fxe4 Bf6 37. Nd5 Rd8 38. Kf2 Kg7 39. Ke2 Rd6 40.
Ne3 Rd4 41. Rxd4 exd4 42. Nd5 Bd8 43. Kf3 Kf7 44. Kf4 Ke6 45. e5 h6 46. g4 Bg5+
47. Ke4 Bd8 48. Kf4 1/2-1/2